000 00742cab a2200229 4500
001 WB3502-09
008 090401t1999 xxu||||| |||| 00| 0 eng d
035 _a(Sirsi) u90661
041 _aeng
245 _aPlague of pylons
260 _c1999
350 _a0
490 _aSunday Times
_v10 January 1999, 1:5(2)
520 _aHighlights opposition to plans to erect over 1000 electricity pylons in rural areas, including south Ayrshire, the Vale of York, along the Humber, the Norfolk Broads and in Avon.
650 _aCANCER
650 _aELECTRICITY PYLONS
650 _aELECTROMAGNETIC FIELDS
650 _aHEALTH AND SAFETY
_96244
690 _aENVIRONMENTAL AND LAND CONSULTANCY-ENERGY
942 _n0
948 _c12/01/1999
999 _c57486
_d57486